000 00807nam a2200265Ia 4500
003 OSt
005 20220926005444.0
006 a|||||r|||| 00| 0
007 ta
008 220923b |||||||| |||| 00| 0 eng d
037 _cGeneral Book
040 _aRTL
_cRTL
_beng
041 _2eng
_aeng
082 _aY72:7:7.2.N8, M3
100 _aMishra S N
_925344
245 0 _aTribal area development
260 _a New Delhi
_bSSRD
_c1983
300 _axiii,196p
_ccm.
490 _aSociety for the Study of Regional Disparities, Conference Volume Series.2
500 _aBibliography chapterwise
650 _aTribal Sociology
700 _a Singh Bhupinder Ed.
_9310362
942 _hY72:7:7.2.N8, M3
_cGB
_2CC
999 _c613905
_d613905